[Event "POL-chT U19 2nd League"]
[Site "Borowice"]
[Date "2012.07.23"]
[Round "3"]
[White "Kalinowska, Karolina"]
[Black "Skoczek, Karolina"]
[Result "0-1"]
[WhiteElo "1505"]
[BlackElo "1580"]
[PlyCount "102"]
[EventDate "2012.07.21"]
[EventType "team-swiss"]
[EventRounds "11"]
[EventCountry "POL"]
[SourceTitle "EXT 2014"]
[Source "ChessBase"]
[SourceDate "2013.11.20"]
[SourceVersion "1"]
[SourceVersionDate "2013.11.20"]
[SourceQuality "1"]
[WhiteTeam "Wroclaw KS Polonia U19"]
[BlackTeam "Bydgoszcz Hetman U19"]
[WhiteTeamCountry "POL"]
[BlackTeamCountry "POL"]

1. e4 c6 2. d4 d5 3. Nc3 dxe4 4. Nxe4 Bf5 5. Ng3 Bg6 6. h4 h6 7. Nf3 e6 8. h5 Bh7 9. Bd3 Bxd3 10. Qxd3 Nf6 11. 0-0 Be7 12. Bf4 0-0 13. Rad1 Qa5 14. Qb3 b5 15. Ne5 Nd5 16. Bc1 Qc7 17. a3 Nd7 18. Ng4 Rfb8 19. Qf3 N7f6 20. Rfe1 Nxg4 21. Qxg4 Nf6 22. Qf3 Rd8 23. Ne4 Rd5 24. Nxf6+ Bxf6 25. Re4 Rad8 26. c3 c5 27. Bxh6 cxd4 28. Bf4 e5 29. Rexd4 Rxd4 30. Rxd4 exf4 31. Rxf4 Qd6 32. g3 Qd1+ 33. Qxd1 Rxd1+ 34. Kg2 Rd2 35. Rb4 a6 36. a4 Be7 37. Rd4 Bc5 38. Rf4 Rxb2 39. axb5 Rxb5 40. h6 gxh6 41. Rf6 Rb6 42. Rf5 Be7 43. c4 Rc6 44. Ra5 Bb4 45. Rh5 a5 46. f3 a4 47. Rb5 Rxc4 48. Rb6 a3 49. Rxh6 a2 50. Ra6 Rc2+ 51. Kh3 Bc3 0-1

[Event "Wroclaw op-C 7th"]
[Site "Wroclaw"]
[Date "2012.07.05"]
[Round "7"]
[White "Kalinowska, Karolina"]
[Black "Bebel, Agnieszka"]
[Result "1-0"]
[WhiteElo "1505"]
[BlackElo "1449"]
[PlyCount "119"]
[EventDate "2012.07.02"]
[EventType "tourn"]
[EventRounds "9"]
[EventCountry "POL"]
[SourceTitle "EXT 2013"]
[Source "ChessBase"]
[SourceDate "2012.11.22"]
[SourceVersion "1"]
[SourceVersionDate "2012.11.22"]
[SourceQuality "1"]

1. e4 e5 2. Nf3 Nc6 3. Bc4 Bc5 4. c3 Nf6 5. d3 0-0 6. 0-0 d6 7. Bb3 Bg4 8. h3 Bh5 9. Be3 Bb6 10. Nbd2 h6 11. Re1 Bg6 12. Nf1 Nh5 13. Qd2 Bxe3 14. Nxe3 Qd7 15. Nh4 Ne7 16. Nd5 Kh8 17. Rad1 c6 18. Nxe7 Qxe7 19. Nxg6+ fxg6 20. d4 Nf4 21. dxe5 dxe5 22. Qd7 Qg5 23. g3 Nh5 24. Kg2 Qf6 25. Qd2 a5 26. Qe3 a4 27. Bc4 b5 28. Be2 Qe6 29. a3 Nf6 30. Bf3 h5 31. Qc5 Rad8 32. Qe3 Qe7 33. Qg5 Kh7 34. Qe3 Nd7 35. Re2 Rf7 36. Red2 Qd6 37. Be2 Rdf8 38. Bf1 Qe7 39. Rxd7 Qe6 40. Rxf7 Rxf7 41. Rd2 Qe7 42. Bd3 g5 43. Qe2 g6 44. Qe3 g4 45. hxg4 hxg4 46. Be2 Kg8 47. Bxg4 Qf6 48. Rd1 g5 49. Bf5 Rg7 50. Qc5 Rc7 51. Qd6 Qg7 52. Qg6 Qxg6 53. Bxg6 Kg7 54. Bf5 Kf8 55. Rd7 Rxd7 56. Bxd7 Ke7 57. Bxc6 b4 58. axb4 a3 59. bxa3 Kd6 60. Bd5 1-0

[Event "Wroclaw op-C 7th"]
[Site "Wroclaw"]
[Date "2012.07.03"]
[Round "4"]
[White "Kalinowska, Karolina"]
[Black "Szulc, Patrycja"]
[Result "0-1"]
[WhiteElo "1505"]
[BlackElo "1412"]
[PlyCount "94"]
[EventDate "2012.07.02"]
[EventType "tourn"]
[EventRounds "9"]
[EventCountry "POL"]
[SourceTitle "EXT 2013"]
[Source "ChessBase"]
[SourceDate "2012.11.22"]
[SourceVersion "1"]
[SourceVersionDate "2012.11.22"]
[SourceQuality "1"]

1. e4 c5 2. Nf3 d6 3. d4 cxd4 4. Nxd4 Nc6 5. Nc3 e6 6. Be3 Be7 7. Bd3 Nf6 8. 0-0 Bd7 9. Qe2 0-0 10. Rad1 a6 11. Rfe1 Qc7 12. Nb3 Rac8 13. Nd4 Ne5 14. Kh1 d5 15. exd5 Neg4 16. Nf3 exd5 17. Bd4 Rfe8 18. Qd2 Be6 19. h3 Nh6 20. Ng5 Qd7 21. Bxf6 Bxf6 22. Bxh7+ Kh8 23. Nxe6 fxe6 24. Bg6 Rf8 25. Re2 d4 26. Ne4 e5 27. Nxf6 Rxf6 28. Bh5 Qf5 29. Bf3 Re8 30. Be4 Qh5 31. Kg1 Nf5 32. Bf3 Qg6 33. Kh1 Nd6 34. Bg4 Nc4 35. Qb4 Ref8 36. Bf3 Rf4 37. b3 Nb6 38. Rdd2 d3 39. Re4 Nd5 40. Rxf4 Rxf4 41. Qc5 e4 42. Bg4 Nf6 43. Bd1 Qh6 44. Qe3 Nd5 45. Qe1 e3 46. fxe3 Nxe3 47. Bf3 dxc2 0-1

[Event "Solina Mind Sports U14 Girls op "]
[Site "Solina"]
[Date "2012.04.21"]
[Round "9"]
[White "Kalinowska, Karolina"]
[Black "Kwiatkowska, Agnieszka"]
[Result "1/2-1/2"]
[WhiteElo "1421"]
[BlackElo "1555"]
[PlyCount "116"]
[EventDate "2012.04.15"]
[EventType "swiss"]
[EventRounds "9"]
[EventCountry "POL"]
[SourceTitle "EXT 2014"]
[Source "ChessBase"]
[SourceDate "2013.11.20"]
[SourceVersion "1"]
[SourceVersionDate "2013.11.20"]
[SourceQuality "1"]

1. e4 d6 2. d4 Nf6 3. Nc3 g6 4. Nf3 Bg7 5. Bc4 c6 6. Be3 b5 7. Bd3 a6 8. a3 0-0 9. 0-0 Qc7 10. h3 Nbd7 11. Qd2 Bb7 12. Rfe1 c5 13. Bh6 c4 14. Bf1 Rad8 15. Bxg7 Kxg7 16. Rad1 Nb6 17. e5 dxe5 18. Nxe5 Nbd5 19. Ne2 Ne4 20. Qc1 c3 21. bxc3 Nexc3 22. Nxc3 Nxc3 23. Rd3 Nd5 24. c4 bxc4 25. Qxc4 Qxc4 26. Nxc4 Bc8 27. Ne5 Be6 28. Rdd1 Ra8 29. Rc1 Rfd8 30. Red1 a5 31. Be2 Nf4 32. Bf3 Bd5 33. Bxd5 Nxd5 34. g3 Rdc8 35. Nc6 a4 36. Ne5 Rxc1 37. Rxc1 Ra7 38. Rc5 e6 39. Kg2 Kf8 40. Rc8+ Kg7 41. Rc4 Nb6 42. Rc6 Nd5 43. Nc4 Kf6 44. Ne5 Ke7 45. Rc4 Nb6 46. Rb4 Nd5 47. Rb5 Kf6 48. Rb8 Kg7 49. Rc8 Ne7 50. Rc4 Nd5 51. Kf3 Kf6 52. Kg2 Ne7 53. Ng4+ Kg7 54. Ne5 Nd5 55. Kf3 Nb6 56. Rb4 Nd5 57. Rc4 Nb6 58. Rc6 Nd7 1/2-1/2

[Event "Solina Mind Sports U14 Girls op "]
[Site "Solina"]
[Date "2012.04.17"]
[Round "4"]
[White "Leczek, Weronika"]
[Black "Kalinowska, Karolina"]
[Result "1-0"]
[WhiteElo "1592"]
[BlackElo "1421"]
[PlyCount "87"]
[EventDate "2012.04.15"]
[EventType "swiss"]
[EventRounds "9"]
[EventCountry "POL"]
[SourceTitle "EXT 2014"]
[Source "ChessBase"]
[SourceDate "2013.11.20"]
[SourceVersion "1"]
[SourceVersionDate "2013.11.20"]
[SourceQuality "1"]

1. e4 e6 2. d4 d5 3. e5 c5 4. Nf3 Nc6 5. c3 Qb6 6. a3 Bd7 7. b4 cxd4 8. cxd4 Rc8 9. Bb2 Nh6 10. Be2 Nf5 11. Qd2 Be7 12. h3 0-0 13. g4 Nh6 14. g5 Nf5 15. h4 a5 16. b5 Na7 17. a4 Bb4 18. Bc3 Bxc3 19. Nxc3 Rc7 20. Bd3 Nc8 21. Bxf5 Rxc3 22. Bxh7+ Kxh7 23. Qxc3 Ne7 24. h5 Kg8 25. g6 Nf5 26. gxf7+ Rxf7 27. Rc1 Nh6 28. Qc7 Qxc7 29. Rxc7 Be8 30. Rxf7 Bxf7 31. Ng5 Nf5 32. Nxf7 Kxf7 33. Kd2 Nxd4 34. Rh3 Ke7 35. f4 Kf7 36. Rc3 b6 37. Rc7+ Kg8 38. Kd3 Nb3 39. Rc6 Nc5+ 40. Rxc5 bxc5 41. b6 c4+ 42. Kd4 Kh7 43. b7 Kh6 44. b8Q 1-0